Daewoo - jihokorejský tygr

Výrobná a obchodná činnosť automobilovej firmy Daewoo. Obchodný plán činnosti. Podiel podnikových divízií na obrate firmy (1995). Investície firmy do automobiliek v zahraničí.

Salvato in:
Dettagli Bibliografici
Autore principale: Provazník, Dušan
Natura: Capitolo di libro
Lingua:ceco
Soggetti:
Tags: Aggiungi Tag
Nessun Tag, puoi essere il primo ad aggiungerne!!

MARC

LEADER 00000naa a2200000 4500
001 r026213
005 20230920093623.9
041 0 |a cze 
044 |a CZ 
245 1 0 |a Daewoo - jihokorejský tygr  |c Dušan Provazník 
520 |a Výrobná a obchodná činnosť automobilovej firmy Daewoo. Obchodný plán činnosti. Podiel podnikových divízií na obrate firmy (1995). Investície firmy do automobiliek v zahraničí. 
610 2 0 |a podnik výrobný 
610 2 0 |a podnik obchodný 
610 2 0 |a Daewoo 
610 2 0 |a obrat obchodný 
610 2 0 |a investície v zahraničí 
610 2 0 |a priemysel automobilový 
100 1 |a Provazník, Dušan